000 01124nam a2200217 a 4500
001 48692
005 20180714033104.0
008 140415s2006 mx 000 0 spa d
020 _a9688638986
041 _aspa
082 _a972.48
_bKUR
100 1 _aKuri Camacho, Ramón,.
245 1 0 _aCHIGNAHUAPAN SIERRA NORTE DE PUEBLA :
_bVOCES Y MIRADAS DE SU HISTORIA
250 _a5ed.
260 _aMEXICO :
_bBENEMERITA UNIVERSIDAD AUTONOMA DE PUEBLA,
_c2006
300 _a201
_c14 x 2 x 21
490 _aPUEBLA
500 _aCOLECCIÓN PUEBLA
520 _aHE AQUÍ LA QUINTA EDICIÓN DE LA OBRA DE RAMÓN KURI CAMACHO, SUSTANCIALMENTE AUMENTADA Y MINUCIOSAMENTE REVISADA. AHORA, DE NUEVO INCURSIONA EN LA HISTORIA DE SU TIERRA CHICA Y LO HACE CON EXCEPCIONAL AGUDEZA, PERSPICACIA, ATENCIÓN A LO DIVERSO Y OFICIO DE HISTORIADOR, PROFUNDIZANDO EN ASPECTOS OLVIDADOS, QUE ADMIRA SU MANEJO DE TEXTOS PREHISPÁNICOS, CAPACIDAD HERMENÉUTICA, TRABAJO HISTORIOGRÁFICO Y EXHUMACIÓN DE ARCHIVOS Y DOCUMENTOS, CUANDO EN PROSA IMPECABLE NOS NARRA: CHIGNAHUAPAN,
650 1 4 _aCHIGNAHUAPAN (PUEBLA)
_xHISTORIA
999 _c48692
_d48692